Village India (Record no. 541742)

MARC details
000 -LEADER
fixed length control field 00546nam a2200205Ia 4500
008 - FIXED-LENGTH DATA ELEMENTS--GENERAL INFORMATION
fixed length control field 240825s9999 xx 000 0 und d
020 ## - INTERNATIONAL STANDARD BOOK NUMBER
ISBN 9788131609057
Paper back/Hardbound hbk
041 ## - LANGUAGE CODE
Language code of text/sound track or separate title eng
082 ## - DEWEY DECIMAL CLASSIFICATION NUMBER
Classification number 301.2954
Item number MAR
100 ## - MAIN ENTRY--AUTHOR NAME
Personal name Marriott, Mckim
245 #0 - TITLE STATEMENT
Title Village India
Statement of responsibility, etc / Marriott, Mckim
Sub Title studies in the little community
250 ## - EDITION STATEMENT
Edition statement 1st ed.
260 ## - PUBLICATION, DISTRIBUTION, ETC. (IMPRINT)
Name of publisher Rawat Publication
Year of publication 1955
Place of publication Jaipur
300 ## - PHYSICAL DESCRIPTION
Number of Pages 269p
Dimensions 23cm
500 ## - GENERAL NOTE
General note Reprint, 2017
504 ## - BIBLIOGRAPHY, ETC. NOTE
Bibliography, etc Includes index
650 ## - SUBJECT ADDED ENTRY--TOPICAL TERM
Topical Term Anthropological
942 ## - ADDED ENTRY ELEMENTS (KOHA)
Koha item type English Books
Holdings
Withdrawn status Lost status Damaged status Not for loan Home library Current library Shelving location Date acquired Cost, normal purchase price Full call number Accession Number Price effective from Koha item type Copy number
        Anna Centenary Library Anna Centenary Library 3RD FLOOR, B WING 05.04.2024 1195.00 301.2954 MAR 662209 05.04.2024 English Books  
        Anna Centenary Library Anna Centenary Library 3RD FLOOR, B WING 05.04.2024 1195.00 307.720954 MAR;1 662210 05.04.2024 English Books 1

Find us on the map